PÓRTATE BIEN! - mvrk - Estadísticas

Estadísticas generales
  • Esta prueba ha sido intentada 63 veces
  • La puntuación promedio es 13 de 18
Estadísticas de respuestas
Hint Respuesta % Correcto
ft. D.Valentino DAMN
94%
ft. B10 CONFÍO DE +
85%
ft. AKRILLA Dos Caras
76%
Linda Vida Pls Behave
76%
ME FUI
76%
ft. L'haine Suena COOL
76%
YOTMB
76%
Auxilio
73%
byeBYE
73%
tú sabes
73%
Facetime!
70%
NoSTOi
70%
Apretar +
67%
Warning
67%
zigzag
64%
Tenía FE
58%
FOOL; interludio
55%
Fell In Love
48%
No se encontraron pruebas coincidentes
Distribución de puntuación
Porcentaje de gente con cada puntuación
Porcentaje por número respondido
Historial de tus puntuaciones
No has intentado esta prueba.